000 00500nam a2200121Ia 4500
008 220620s9999||||xx |||||||||||||| ||und||
100 _aBrandstädter, Willi Michael
245 0 _aPartial oxidation of Raffinate II and other mixtures of n-Butane and n-Butenes to maleic anhydride in a fixed-bed reactor
546 _aEnglish[eng]
650 _aReaction Kinetics||Partial Oxidation||Raffinate II||Reactor Simulation||Maleic Anhydride
856 _uhttps://www.ksp.kit.edu/9783866441996
942 _cEB
999 _c21346
_d21346